| 000 | 02417cad a22002535a 4500 | ||
|---|---|---|---|
| 001 | E146317 | ||
| 008 | 090109s2009 xxk f s000 0 eng d | ||
| 020 | _a9780755973736 | ||
| 035 | _a(Sirsi) u146317 | ||
| 041 | 0 | _aeng | |
| 050 | 0 | 4 | _a306.9 $2 18 |
| 100 | 1 | _aSatsangi, Madhu | |
| 245 | 0 | 3 |
_aAn investigation of occupancy conditions in rural housing _h[electronic resource] |
| 260 |
_a[Edinburgh] _bScottish Government Social Research _c2009 |
||
| 505 | 2 | _aExecutive summary -- Introduction: aims and objectives; research approach; stage 1 research design; stage 2 initial review of national evidence; stage 3 review of evidence from comparator countries; stage 4 synthesis of evidence; structure of report -- Housing affordibility in rural Scotland: introduction; planning and occupancy restrictions; taxation policy; market context; conclusion 1-- Comparative evidence: introduction; overview of rural housing problems and solutions; approaches to rural planning and housing; main policy initiatives; occupancy controls; conclusion -- Conclusions: introduction; costs and benefits of occupancy controls; restricting purchasers of new market housing development; preventing permanent residences becoming second/holiday homes -- Appendix one: objectives of national reviews -- Appendix two: expert reviews of comparator countries' experiences: occupancy restrictions on rural housing: review of experience in England, Wales and Jersey; occupancy conditions in rural housing: Republic of Ireland; rural Housing in Norway; occupancy conditions in rural housing in Sweden -- List of Tables: table 1.1: assessing the effects of policies; table 2.1: second homes and second home discounts in rural Scotland, 2006-07; table 3.1: overview of rural housing problems and solutions; table 4.1: summary of policy options | |
| 520 | _aPresents the results of research aimed at investigating the policy approaches to the shortage of housing in rural areas in Scotland and elsewhere in the UK and Europe. Makes recommendations on how such policies could be adapted for use in Scotland. | ||
| 521 | _aAdvanced | ||
| 590 | _aKA | ||
| 651 | 4 |
_aScotland _y1999- |
|
| 690 | _aPROPERTY-RESIDENTIAL PROPERTY-DOMESTIC RESIDENTIAL PROPERTY-HOUSING | ||
| 700 | 1 | _aCrawford, Joe | |
| 856 | 4 | 0 |
_uhttps://www.scotland.gov.uk/Publications/2009/01/08143447/0 _zView the report free of charge at www.scotland.gov.uk... |
| 942 | _n0 | ||
| 999 |
_c109111 _d109111 |
||